Países atravesados por el Río Nilo - Estadísticas

Estadísticas generales
  • Esta prueba ha sido intentada 82 veces
  • La puntuación promedio es 9 de 10
Estadísticas de respuestas
País % Correcto
Egipto
100%
Sudán
96%
Etiopía
95%
Sudán del Sur
95%
Kenia
93%
Ruanda
88%
Tanzania
88%
Uganda
88%
República Democrática del Congo
85%
Burundi
84%
No se encontraron pruebas coincidentes
Distribución de puntuación
Porcentaje de gente con cada puntuación
Porcentaje por número respondido
Historial de tus puntuaciones
No has intentado esta prueba.